_Internation Business Environments and operations John D.Daniels (Record no. 12300)
[ view plain ]
| 000 -LEADER | |
|---|---|
| fixed length control field | 00522nam a2200169Ia 4500 |
| 008 - FIXED-LENGTH DATA ELEMENTS--GENERAL INFORMATION | |
| fixed length control field | 151021s9999 xx 000 0 und d |
| 020 ## - INTERNATIONAL STANDARD BOOK NUMBER | |
| International Standard Book Number | 201566295 |
| 050 ## - LIBRARY OF CONGRESS CALL NUMBER | |
| Classification number | HD2755.5.D35 1994 |
| 245 ## - TITLE STATEMENT | |
| Title | _Internation Business Environments and operations John D.Daniels |
| 260 ## - PUBLICATION, DISTRIBUTION, ETC. (IMPRINT) | |
| Place of publication, distribution, etc. | New York Addison Wesley 1994 |
| 300 ## - PHYSICAL DESCRIPTION | |
| Extent | xxix,788p.;ill |
| 500 ## - GENERAL NOTE | |
| General note | Include index |
| 500 ## - GENERAL NOTE | |
| General note | Include index |
| 650 ## - SUBJECT ADDED ENTRY--TOPICAL TERM | |
| Topical term or geographic name as entry element | _International business enterprises |
| 700 ## - ADDED ENTRY--PERSONAL NAME | |
| Personal name | _Radebaugh H. Lee |
| 980 ## - EQUIVALENCE OR CROSS-REFERENCE-SERIES STATEMENT--PERSONAL NAME/TITLE [LOCAL, CANADA] | |
| Personal name | ^d20120809 03:42:22^okorir |
No items available.